| 000 | 00358nam a22001337a 4500 | ||
|---|---|---|---|
| 008 | 250801b |||||||| |||| 00| 0 eng d | ||
| 020 | _a9781741960518 | ||
| 050 |
_aHD30.22 _b.W45 |
||
| 100 | _aWEIR, Stephen | ||
| 245 | _aHistory's Worst Decision and The People who Made Them | ||
| 260 |
_aLondon _bNew Burlington Books _c2008 |
||
| 300 | _a256p. | ||
| 942 | _cBK | ||
| 999 |
_c4419 _d4419 |
||